000
00322 a2200121 4500
001
ART_39600
005
20260410162000.0
008
260409a
245
1
0
_a
América Latina
100
1
_a
Garcia, Domingo
700
1
_a
Scotti, Sonia L.
773
0
_t
Propuestas
_g
- Año 3, Nº 6 (dic. 1997)
_w
REV28258
999
_c
31220
_d
31220